| 000 | 00000nam 2200000zi 4500 |
| 001 | 9.560096 |
| 003 | CaOODSP |
| 005 | 20211029114542 |
| 007 | cr ||||||||||| |
| 008 | 150406s2003||||xxc|||||o f|0| 0 eng d |
| 020 | |a0662343182 |
| 022 | |a1707-343X |
| 040 | |aCaOODSP|beng |
| 043 | |an-cn--- |
| 086 | 1 |aCS13-0031/10E-IN |
| 100 | 1 |aLal, Kishori, |eauthor. |
| 245 | 10|aMeasurement of output, value added, GDP in Canada and the United States : |bsimilarities and differences / |cby Kishori Lal. |
| 246 | 10|aSimilarities and differences |
| 264 | 1|bStatistics Canada, |c2003. |
| 300 | |a1 online resource (58 pages). |
| 336 | |atext|btxt|2rdacontent |
| 337 | |acomputer|bc|2rdamedia |
| 338 | |aonline resource|bcr|2rdacarrier |
| 490 | 1 |aThe 1997 historical revision of the Canadian System of National Accounts, |x1707-343X ; |vNo. 10 |
| 590 | |a06-05-Supp|b2006-10-02 |
| 690 | 07|aInternational finance|2gcpds |
| 690 | 07|aPublic accounts|2gcpds |
| 710 | 2 |aStatistics Canada, |eissuing body. |
| 775 | 08|tMesure de la production, de la valeur ajoutée et du PIB au Canada et aux États-Unis : |w(CaOODSP)9.592784 |
| 830 | #0|aThe 1997 historical revision of the Canadian System of National Accounts,|x1707-343X|vNo. 10|w(CaOODSP)9.504708 |
| 856 | 40|ahttp://publications.gc.ca|qPDF|s310 KB|uhttps://publications.gc.ca/collections/Collection/Statcan/13F0031M/13F0031MIE2003010.pdf|yNo. 10 |